Unamuno y la política : (Record no. 193124)

MARC details
000 -LEADER
campo de control de longitud fija 01808nam a2200445 i 4500
001 - NÚMERO DE CONTROL
campo de control 193124
003 - IDENTIFICADOR DE NÚMERO DE CONTROL
campo de control ES-MaREB
005 - FECHA Y HORA DE LA ÚLTIMA TRANSACCIÓN
campo de control 20240708063027.0
007 - CAMPO FIJO DE DESCRIPCIÓN FÍSICA--INFORMACIÓN GENERAL
campo de control de longitud fija ta
008 - DATOS DE LONGITUD FIJA--INFORMACIÓN GENERAL
campo de control de longitud fija 230822s2022 sp a | | 001 0|spa c
017 ## - NÚMERO DE COPYRIGHT O DE DEPÓSITO LEGAL
Número de copyright o de depósito legal S 249-2022
020 ## - NÚMERO INTERNACIONAL ESTÁNDAR DEL LIBRO
Número Internacional Estándar del Libro 9788413116860
035 ## - NÚMERO DE CONTROL DEL SISTEMA
Número de control de sistema ES-VlRAB002076668
035 ## - NÚMERO DE CONTROL DEL SISTEMA
Número de control de sistema ES-MaREB01894226-2
040 ## - FUENTE DE CATALOGACIÓN
Centro catalogador/agencia de origen RABEL
Lengua de catalogación spa
Centro/agencia transcriptor ES-MaACL
Centro/agencia modificador ES-MaACL
080 ## - NÚMERO DE LA CLASIFICACIÓN DECIMAL UNIVERSAL
Número de la Clasificación Decimal Universal 32 Unamuno, Miguel de
245 10 - MENCIÓN DEL TÍTULO
Título Unamuno y la política :
Resto del título de la pluma a la palabra /
Mención de responsabilidad, etc. [edición y coordinación, Marta García Gasco, Elena Vicente Mínguez].
250 ## - MENCION DE EDICION
Mención de edición 1ª ed.
260 ## - PUBLICACIÓN, DISTRIBUCIÓN, ETC.
Lugar de publicación, distribución, etc. [Salamanca] :
Nombre del editor, distribuidor, etc. Universidad de Salamanca,
Fecha de publicación, distribución, etc. 2022.
300 ## - DESCRIPCIÓN FÍSICA
Extensión 508 p. :
Otras características físicas il. ;
Dimensiones 28 cm.
336 ## - TIPO DE CONTENIDO
Fuente rdacontent
Término de tipo de contenido Texto
337 ## - TIPO DE MEDIO
Fuente rdamedia
Nombre/término del tipo de medio sin mediación
338 ## - TIPO DE SOPORTE
Fuente rdacarrier
Nombre/término del tipo de soporte volumen
490 1# - MENCIÓN DE SERIE
Mención de serie Colección VIII centenario ;
Designación de volumen o secuencia 30
500 ## - NOTA GENERAL
Nota general Catalogación provisional. Signatura: N 8614. Depósito J.
502 ## - NOTA DE TESIS
Nota de tesis Exposición celebrada en la Universidad de Salamanca, del 20 de octubre de 2021 al 6 de marzo de 2022.
600 14 - PUNTO DE ACCESO ADICIONAL DE MATERIA--NOMBRE DE PERSONA
Nombre de persona Unamuno, Miguel de,
Fechas asociadas al nombre 1864-1936-
Subdivisión general Pensamiento político
Subdivisión de forma Exposiciones
9 (RLIN) 111988
655 #7 - TERMINO DE INDIZACIÓN--GENERO/FORMA
Datos o término principal de género/forma Catálogos de exposiciones
9 (RLIN) 193628
700 1# - ENTRADA AGREGADA--NOMBRE PERSONAL
Nombre de persona García Gasco, Marta
9 (RLIN) 233995
700 1# - ENTRADA AGREGADA--NOMBRE PERSONAL
Nombre de persona Vicente Mínguez, Elena
9 (RLIN) 233996
710 0# - ENTRADA AGREGADA--NOMBRE DE ENTIDAD CORPORATIVA
Nombre de entidad corporativa o nombre de jurisdicción como elemento de entrada Universidad de Salamanca
9 (RLIN) 7275
830 ## - PUNTO DE ACCESO ADICIONAL DE SERIE-TÍTULO UNIFORME
9 (RLIN) 226696
Título uniforme Colección VIII centenario ;
Designación de volumen o secuencia 30
852 ## - LOCALIZACIÓN
Ubicación ES-MaACL
itemnumber 200439
Número de control de estantería N-8614
Ubicación en estantería Depósito J
Donativo/Legado Donación: Editorial
Nota libre En proceso
852 ## - LOCALIZACIÓN
Ubicación ES-MaACL
itemnumber 200438
Número de control de estantería N-8615/Ej.1
Ubicación en estantería Depósito J
Donativo/Legado Donación: Editorial
Nota libre En proceso
942 ## - ELEMENTOS DE ENTRADA SECUNDARIOS (KOHA)
Suprimir en OPAC No
Tipo de ítem Koha Libro impreso
Holdings
Estatus retirado Estado de pérdida Fuente del sistema de clasificación o colocación Estado de daño Restricciones de uso No para préstamo Biblioteca de origen Biblioteca actual Ubicación en estantería Fecha de adquisición Fuente de adquisición Total de préstamos Signatura topográfica completa Código de barras Visto por última vez Precio de reemplazo Tipo de ítem Koha
    Clasificación decimal universal   Duplicado   Biblioteca del Ateneo de Madrid Biblioteca del Ateneo de Madrid Depósito J 22/08/2023 Donación   N-8615/Ej.1 101205731 22/08/2023 22/08/2023 Libro impreso
    Clasificación decimal universal       Biblioteca del Ateneo de Madrid Biblioteca del Ateneo de Madrid Depósito J 22/08/2023 Donación   N-8614 101205732 22/08/2023 22/08/2023 Libro impreso